[Event "Ostrava op"]
[Site "Ostrava"]
[Date "1998.??.??"]
[Round "?"]
[White "Skola, Miroslav"]
[Black "Kolar, Stanislav"]
[Result "1-0"]
[WhiteElo "2240"]
[BlackElo "2145"]
[PlyCount "101"]
[EventDate "1998.??.??"]
[EventType "swiss"]
[EventRounds "10"]
[EventCountry "CZE"]
[SourceTitle "EXT 2006"]
[Source "ChessBase"]
[SourceDate "2005.11.24"]
[SourceVersion "1"]
[SourceVersionDate "2005.11.24"]
[SourceQuality "1"]

1. d4 c6 2. c3 g6 3. Bf4 d6 4. e3 Bg7 5. Nf3 Nd7 6. Nbd2 Ngf6 7. h3 0-0 8. Bh2 c5 9. Bd3 b6 10. Qe2 a6 11. a4 Bb7 12. 0-0 Qc7 13. Rac1 Rfe8 14. e4 e5 15. d5 Nh5 16. g3 Ndf6 17. b3 Bc8 18. Kg2 Bh6 19. Ng1 g5 20. f3 Kh8 21. Ra1 Rg8 22. Nc4 Nf4+ 23. gxf4 gxf4+ 24. Kh1 Nh5 25. Ra2 Bd7 26. Qe1 Ng3+ 27. Bxg3 Rxg3 28. Rg2 Rag8 29. Rxg3 Rxg3 30. Rf2 b5 31. axb5 axb5 32. Nd2 Bxh3 33. Rh2 Qc8 34. Bf1 Bxf1 35. Qxf1 Rg6 36. Qxb5 Qg8 37. Qf1 Bg5 38. b4 cxb4 39. cxb4 Bd8 40. Nc4 Bc7 41. b5 Qb8 42. Rb2 Rh6+ 43. Nh3 Bd8 44. b6 Qc8 45. Rh2 Qa6 46. Rb2 Qc8 47. Kh2 Bh4 48. b7 Bg3+ 49. Kg1 Qb8 50. Qa1 Rxh3 51. Qa8 1-0

[Event "Ostrava op"]
[Site "Ostrava"]
[Date "1998.??.??"]
[Round "?"]
[White "Skola, Miroslav"]
[Black "Rehak, Pavel"]
[Result "0-1"]
[WhiteElo "2240"]
[BlackElo "2135"]
[PlyCount "94"]
[EventDate "1998.??.??"]
[EventType "swiss"]
[EventRounds "10"]
[EventCountry "CZE"]
[SourceTitle "EXT 2006"]
[Source "ChessBase"]
[SourceDate "2005.11.24"]
[SourceVersion "1"]
[SourceVersionDate "2005.11.24"]
[SourceQuality "1"]

1. e4 c5 2. c3 d5 3. exd5 Qxd5 4. d4 Nf6 5. Nf3 Nc6 6. Be2 e6 7. 0-0 Be7 8. Be3 cxd4 9. Nxd4 Nxd4 10. Qxd4 0-0 11. Bf3 Qf5 12. Nd2 Rd8 13. Qc4 Nd5 14. Bc5 b5 15. Qxb5 Nc7 16. Bxe7 Nxb5 17. Bxd8 Bb7 18. Bxb7 Rxd8 19. Ne4 Nd6 20. Nxd6 Rxd6 21. Rad1 Qe5 22. Bf3 g5 23. Rxd6 Qxd6 24. Rd1 Qa6 25. a3 Qb5 26. Rd2 g4 27. Be2 Qg5 28. Rd1 h5 29. Bf1 h4 30. c4 Qe5 31. Rd2 f5 32. Rc2 f4 33. c5 g3 34. b4 Qe4 35. Rd2 Qe1 36. Rc2 gxh2+ 37. Kxh2 Qxf1 38. c6 f3 39. gxf3 h3 40. Kg3 Qg2+ 41. Kf4 Qg6 42. Rc5 e5+ 43. Kxe5 h2 44. c7 Qg7+ 45. Kd6 Qf8+ 46. Kd7 h1Q 47. Rg5+ Kh8 0-1

[Event "Ostrava op"]
[Site "Ostrava"]
[Date "1997.??.??"]
[Round "?"]
[White "Michenka, Jozef"]
[Black "Skola, Miroslav"]
[Result "0-1"]
[WhiteElo "2355"]
[BlackElo "2240"]
[PlyCount "57"]
[EventDate "1997.??.??"]
[EventType "swiss"]
[EventRounds "9"]
[EventCountry "CZE"]
[SourceTitle "EXT 1999"]
[Source "ChessBase"]
[SourceDate "1998.11.16"]
[SourceVersion "1"]
[SourceVersionDate "1998.11.16"]
[SourceQuality "1"]

1. d4 d6 2. Nf3 Bg4 3. c4 c6 4. e4 Nd7 5. h3 Bxf3 6. Qxf3 e5 7. d5 c5 8. g3 g6 9. Nc3 h5 10. h4 Bh6 11. Bh3 Qf6 12. Qe2 Bxc1 13. Rxc1 Nh6 14. a3 Qe7 15. b4 b6 16. 0-0 0-0 17. Kg2 Kg7 18. Bxd7 Qxd7 19. bxc5 bxc5 20. Rb1 Rab8 21. Qc2 a6 22. Rxb8 Rxb8 23. Rb1 Rb7 24. Rb3 Qe7 25. Nd1 f5 26. f3 Rxb3 27. Qxb3 f4 28. Qb8 fxg3 29. Kxg3 0-1